00532nam a22001577a 450000500170000001000170001702000260003403500140006003700130007408200080008710000190009524501160011426000440023027000710027430000290034520230530154420.0 aENG-120162  a9788184621518c295.00 aEN-103694 bDBAD/PUB a921 aKhandwala,Rama aJai Hind :cby Rama Khandwala bthe story of Lt. Rama Khandwala of Netaji Subhash Chandra Bose Azad Hind Fauj / aMumbai bVakils, Feffer & Simons c2017 aIndustry Manor, Appasaheb Marathe Marge PrabhadevibMumbaie400025 a116p. :c22cm(pbk)bill.